000 00317nam a2200121Ia 4500
008 240624s9999 xx 000 0 und d
041 _aeng
082 _a005.1 HAS
100 _aHASTED EDWARD
245 _aSOFTWARE THAT SELLS A PRACTICAL GUIDE TO
260 _c2005
_aIndiana
_bJohn Wiley and Sons
300 _a379 : p.
999 _c14739
_d14739